Countries closest to Mexico - Statistics

General Stats
  • This quiz has been taken 133 times
  • The average score is 14 of 15
Answer Stats
Distance in km (mil) Country % Correct
0 km (0 mil) USA
98%
1094 km (680 mil) Panama
97%
195 km (121 mil) Cuba
96%
0 km (0 mil) Guatemala
96%
178 km (111 mil) Honduras
96%
0 km (0 mil) Belize
94%
795 km (494 mil) Costa Rica
94%
1413 km (878 mil) Haiti
92%
1558 km (968 mil) Dominican republic
91%
454 km (282 mil) Nicaragua
90%
1643 km (1021 mil) Colombia
89%
207 km (129 mil) El salvador
89%
1002 km (623 mil) Jamaica
88%
919 km (569 mil) Bahamas
85%
1555 km (966 mil) Ecuador (Galapagos)
53%
No matching quizzes found
Score Distribution
Percent of People with Each Score
Percentile by Number Answered
Your Score History
You have not taken this quiz